[Event "57th Biel Master Open"]
[Site "Biel SUI"]
[Date "2024.07.16"]
[Round "2.38"]
[White "Tarini, Goyal"]
[Black "Saraci, Nderim"]
[Result "0-1"]
[WhiteTitle "WIM"]
[BlackTitle "IM"]
[WhiteElo "2079"]
[BlackElo "2447"]
[WhiteFideId "5082749"]
[BlackFideId "6351921"]
[EventDate "2024.07.15"]

1. d4 Nf6 2. c4 e6 3. Nc3 d5 4. Nf3 c6 5. e3 Nbd7 6. Qc2 dxc4 7. Bxc4 b5 8. Be2
Bb7 9. O-O a6 10. e4 c5 11. e5 Nd5 12. Nxd5 Bxd5 13. Be3 Rc8 14. Qd2 cxd4 15.
Qxd4 Bc5 16. Qf4 O-O 17. a4 bxa4 18. Rxa4 a5 19. Bd2 Bb6 20. b4 axb4 21. Bxb4
Bc5 22. Ba5 Qe7 23. Bd2 Rfd8 24. Ba5 Bb6 25. Bxb6 Nxb6 26. Rd4 h6 27. Qg3 Nd7
28. h3 Rc5 29. Rfd1 Rdc8 30. Kh2 Rc3 31. R4d3 Rxd3 32. Rxd3 Rc5 33. Nd2 Rc2 34.
Bf3 Qb4 35. Bxd5 Rxd2 36. Rxd2 Qxd2 37. Bc6 Nc5 38. Bf3 Nd3 39. Bc6 Nxf2 40. Bb5
Qd4 41. Be2 Ne4 42. Qd3 Qxe5+ 43. Kg1 g6 44. Bf3 Qa1+ 45. Kh2 Qh1+ 46. Kxh1 Nf2+
47. Kh2 Nxd3 48. Kg3 Kg7 49. Bc6 f5 50. Bb5 Nc5 51. h4 Kf6 52. Kf4 e5+ 53. Kf3
e4+ 54. Kf4 Ne6+ 55. Ke3 Ke5 56. Be8 Nf4 57. g3 Nd5+ 58. Kf2 g5 59. hxg5 hxg5
60. Bd7 f4 61. gxf4+ gxf4 62. Bc6 Ne3 63. Bd7 Nf5 64. Bc8 Nh4 65. Bb7 Kd4 66.
Ba6 e3+ 67. Ke2 f3+ 68. Ke1 Ke5 69. Kf1 Kf4 70. Ke1 Nf5 71. Kf1 Ng3+ 72. Kg1 Ke5
73. Bb5 Kd4 0-1

[Event "57th Biel Master Open"]
[Site "Biel SUI"]
[Date "2024.07.16"]
[Round "2.49"]
[White "Demchenko, Svitlana"]
[Black "Chen, Muxi"]
[Result "0-1"]
[WhiteTitle "WIM"]
[WhiteElo "2176"]
[BlackElo "2030"]
[WhiteFideId "14149893"]
[BlackFideId "8626073"]
[EventDate "2024.07.15"]

1. e4 c5 2. c3 d5 3. exd5 Qxd5 4. d4 g6 5. dxc5 Qxc5 6. Be3 Qa5 7. Na3 Bg7 8.
Nb5 Bd7 9. Qb3 a6 10. Nd4 Qc7 11. Bc4 e6 12. O-O-O Nc6 13. Nxc6 Bxc6 14. Nf3 Ne7
15. Rhe1 O-O 16. Bb6 Qf4+ 17. Be3 Qc7 18. Bb6 Qf4+ 19. Kb1 Nd5 20. Bd4 b5 21.
Bd3 Bxd4 22. Nxd4 Bb7 23. Re2 Qxh2 24. g3 Nb6 25. Qc2 Qh5 26. Be4 Bxe4 27. Qxe4
Qd5 28. Qh4 e5 29. Rh1 h5 30. Nc2 Kg7 31. Nb4 Qd6 32. Rhe1 a5 33. Nc2 Nc4 34.
Qh1 Rad8 35. b3 Na3+ 36. Nxa3 Qxa3 37. Qe4 Rfe8 38. Qc6 a4 39. Rb2 axb3 40. Rxb3
Qa7 41. Rb2 Qa4 42. Rc1 Rc8 43. Qd5 Qg4 44. Ka1 Qg5 45. Rbc2 Rb8 46. Rb1 Qf5 47.
Rcb2 Red8 48. Qc5 Rbc8 49. Qxb5 Rxc3 50. Re2 Rf3 51. Qc5 Rd7 52. Rbe1 f6 53. Rb2
Rfd3 54. Rc1 Rd1 55. Rc2 Qd3 56. Rc3 Rxc1+ 57. Rxc1 Qa6 58. f4 exf4 59. gxf4 Qa4
60. f5 g5 61. Re1 Qd4+ 62. Qxd4 Rxd4 63. Re7+ Kg8 64. Ra7 h4 65. Ra8+ Kg7 66.
Ra7+ Kh6 67. Ra6 g4 68. Rxf6+ Kg5 69. Rf8 Rf4 70. Kb2 Rxf5 0-1

[Event "57th Biel Master Open"]
[Site "Biel SUI"]
[Date "2024.07.16"]
[Round "2.51"]
[White "Frayna, Janelle Mae"]
[Black "Matsumura, Cocoro"]
[Result "1/2-1/2"]
[WhiteTitle "WGM"]
[WhiteElo "2164"]
[BlackElo "2022"]
[WhiteFideId "5212499"]
[BlackFideId "36087114"]
[EventDate "2024.07.15"]

1. e4 c5 2. Nc3 e6 3. g3 Nc6 4. Bg2 Nf6 5. Nge2 Be7 6. O-O O-O 7. d4 cxd4 8.
Nxd4 Qb6 9. Ndb5 a6 10. Be3 Qa5 11. Nd6 Qb4 12. Nxc8 Raxc8 13. Rb1 Ne5 14. Bd2
Qd4 15. Bf4 Qc5 16. Qe2 d6 17. a4 Nc4 18. Rfd1 b5 19. axb5 axb5 20. Na2 Nd7 21.
c3 g5 22. Bc1 f5 23. Nb4 fxe4 24. Bxe4 Qe5 25. Nd3 Qf6 26. f4 d5 27. fxg5 Qg7
28. Bg2 Nc5 29. Bf4 Rce8 30. b3 Nxd3 31. Rxd3 Bc5+ 32. Kh1 Nb6 33. Be3 Nd7 34.
Re1 Qg6 35. Bxc5 Nxc5 36. Re3 b4 37. cxb4 d4 38. Re5 d3 39. Qe3 Nd7 40. Ra5 e5
41. Be4 Qh5 42. Rd5 Qg4 43. Rxd3 Re7 44. b5 Kh8 45. Bc6 Qh3 46. Bg2 Qe6 47. b4
Qc4 48. Red1 Qxb5 49. Rd5 Qa4 50. h4 Ref7 51. b5 Qg4 52. Rxd7 Rxd7 53. Rxd7 Qxd7
54. Qxe5+ Qg7 55. Qxg7+ Kxg7 56. b6 Kg6 57. b7 Kf5 58. Bh3+ Ke4 59. Kg2 Rd8 60.
Bc8 Rd2+ 61. Kh3 Rb2 62. Kg4 Ke5 63. Kh5 Rb6 64. Kg4 Rb4+ 65. Kh5 Rb6 66. g4 Kf4
67. Bf5 Rxb7 68. Kh6 Rc7 69. g6 hxg6 70. Kxg6 Ke5 1/2-1/2

[Event "57th Biel Master Open"]
[Site "Biel SUI"]
[Date "2024.07.16"]
[Round "2.58"]
[White "Pouly, Ivan"]
[Black "Nurgaliyeva, Zarina"]
[Result "1-0"]
[BlackTitle "WFM"]
[WhiteElo "1958"]
[BlackElo "2135"]
[WhiteFideId "1360140"]
[BlackFideId "13730096"]
[EventDate "2024.07.15"]

1. c4 e5 2. Nc3 Bb4 3. g3 Bxc3 4. dxc3 Nc6 5. Bg2 d6 6. Nf3 Nge7 7. O-O O-O 8.
e4 h6 9. Ne1 f5 10. exf5 Bxf5 11. Nc2 Qd7 12. Re1 Bg4 13. Qd3 Rf7 14. f4 Raf8
15. b4 Bh3 16. b5 Bxg2 17. Kxg2 Nb8 18. Re2 Qc8 19. fxe5 dxe5 20. Be3 Qg4 21.
Bxa7 Ng6 22. Kh1 b6 23. Ne3 Qf3+ 24. Kg1 Nd7 25. Rf1 Qh5 26. Ree1 Nc5 27. Qd5
Ne7 28. Qg2 e4 29. Rxf7 Qxf7 30. Rf1 Qe8 31. Rxf8+ Qxf8 32. Qd2 Nd3 33. c5 bxc5
34. a4 Qa8 35. b6 cxb6 36. Qa2+ Kh8 37. Bxb6 Nc8 38. Bc7 c4 39. Qxc4 Ne7 40. a5
Ng6 41. Qd5 Qf8 42. Qd8 Qxd8 43. Bxd8 Nc5 44. Bb6 Na6 45. Nd5 Ne5 46. Nb4 Nb8
47. a6 Nbd7 48. Bd4 Nc4 49. a7 Ncb6 50. Bxb6 Nxb6 51. Nd5 Na8 52. Kf2 1-0

[Event "57th Biel Master Open"]
[Site "Biel SUI"]
[Date "2024.07.16"]
[Round "2.59"]
[White "Arsenie, Cristian Marc"]
[Black "Stevens, Christian FRA"]
[Result "1-0"]
[WhiteElo "2131"]
[BlackElo "1955"]
[WhiteFideId "1345923"]
[BlackFideId "649090"]
[EventDate "2024.07.15"]

1. e4 c5 2. Nf3 d6 3. d4 cxd4 4. Nxd4 Nf6 5. Nc3 a6 6. Be3 e6 7. a3 Qc7 8. g4 b5
9. g5 Nfd7 10. f4 Nb6 11. Qf3 Bb7 12. O-O-O N8d7 13. Rg1 Nc5 14. Bg2 Rc8 15. Bf2
Nba4 16. Rge1 Be7 17. h4 Qb8 18. Nxa4 Nxa4 19. f5 e5 20. f6 exd4 21. fxg7 Rg8
22. Bxd4 Qc7 23. Rd2 Nc5 24. Rf2 Bxg5+ 25. hxg5 Ne6 26. Bf6 Nxg7 27. Bh3 Rb8 28.
Bf5 Ne6 29. Qh5 1-0

[Event "57th Biel Master Open"]
[Site "Biel SUI"]
[Date "2024.07.16"]
[Round "2.62"]
[White "Altantuya, Boldbaatar"]
[Black "Kheerthi, Ganta"]
[Result "1-0"]
[WhiteTitle "WIM"]
[BlackTitle "WFM"]
[WhiteElo "2107"]
[BlackElo "1918"]
[WhiteFideId "4902785"]
[BlackFideId "25626280"]
[EventDate "2024.07.15"]

1. d4 Nf6 2. c4 e6 3. Nf3 d5 4. Nc3 Bb4 5. e3 O-O 6. a3 Bxc3+ 7. bxc3 b6 8. cxd5
exd5 9. Bb2 Nbd7 10. Bd3 c5 11. O-O Re8 12. Rc1 Bb7 13. Re1 Qe7 14. Nd2 Ne4 15.
Nf1 Rac8 16. f3 Nd6 17. Ng3 Qh4 18. Qe2 Nf6 19. Qf2 Qg5 20. Rcd1 Nh5 21. Nf1
cxd4 22. cxd4 f5 23. Bc1 Qf6 24. g3 g6 25. a4 Nc4 26. Nd2 Nxd2 27. Qxd2 Qd6 28.
Qa2 Kg7 29. Ba3 Qd7 30. Bb4 Re6 31. a5 Rce8 32. Kf2 Qc7 33. Bd2 Qd7 34. Rb1 Nf6
35. Rb3 Qe7 36. Reb1 Nd7 37. Bb5 Rc8 38. Bb4 Qd8 39. Bxd7 Qxd7 40. Bc5 Ree8 41.
axb6 a6 42. Rc3 Rc6 43. f4 Qe6 44. Qc2 Rec8 45. Rc1 Kg8 46. h3 h5 47. Rg1 Qe4
48. Qxe4 fxe4 49. Rcc1 Kf7 50. Ra1 Rh8 51. Ra5 Rd8 52. Rga1 Ra8 53. Ke2 Ke6 54.
Kd2 Rd8 55. Rh1 Kf7 56. g4 h4 57. Rb1 Ra8 58. Kc3 Rac8 59. Kb4 Ra8 60. Rba1 Kf6
61. Rc1 Rac8 62. Rc3 Kf7 63. Raa3 Ke6 64. Ka5 Kd7 65. Bb4 Rxc3 66. Rxc3 Bc6 67.
f5 gxf5 68. gxf5 Bb7 69. Rxc8 Bxc8 70. Be1 Kc6 71. f6 Kd6 72. Bxh4 Ke6 73. Bg5
Kf7 74. h4 Ke6 75. Kb4 Bb7 76. h5 Kf7 77. Kc5 Ba8 78. h6 Kg6 79. Kd6 a5 80. Ke7 1-0

[Event "57th Biel Master Open"]
[Site "Biel SUI"]
[Date "2024.07.17"]
[Round "3.2"]
[White "Bilguun, Sumiya"]
[Black "Sasikiran, Krishnan"]
[Result "0-1"]
[WhiteTitle "GM"]
[BlackTitle "GM"]
[WhiteElo "2458"]
[BlackElo "2581"]
[WhiteFideId "4901541"]
[BlackFideId "5004985"]
[EventDate "2024.07.15"]

1. e4 c5 2. Nc3 e6 3. f4 d5 4. Nf3 dxe4 5. Nxe4 Nc6 6. Bb5 Bd7 7. Qe2 Nf6 8.
Nxf6+ gxf6 9. f5 e5 10. O-O Rg8 11. c3 Qb6 12. Bc4 Na5 13. Bd5 c4+ 14. Kh1 O-O-O
15. Bxf7 Rg7 16. Be6 Bxe6 17. fxe6 Qxe6 18. Nd4 Qd5 19. Nf5 Rc7 20. Ne3 Qd3 21.
Qxd3 Rxd3 22. Rxf6 Bc5 23. Nc2 e4 24. Rf1 Rg7 25. Rb1 Nc6 26. b3 Ne5 27. Nd4 Rf7
28. Re1 Ng4 29. bxc4 Bd6 30. Nb5 Bxh2 31. Ba3 Rxd2 32. Bc5 Rf5 33. Rxe4 Rxc5 34.
Rxg4 Rh5 35. g3 a6 36. Rg8+ Kd7 37. Rg7+ Kd8 38. Na3 Bxg3+ 39. Kg1 Bh2+ 40. Kf1
Bd6 41. Rg8+ Kc7 42. Rg7+ Kc6 0-1

[Event "57th Biel Master Open"]
[Site "Biel SUI"]
[Date "2024.07.17"]
[Round "3.3"]
[White "Moiseenko, Alexander"]
[Black "Sokolovsky, Yahli"]
[Result "1/2-1/2"]
[WhiteTitle "GM"]
[BlackTitle "GM"]
[WhiteElo "2570"]
[BlackElo "2516"]
[WhiteFideId "14102560"]
[BlackFideId "2820242"]
[EventDate "2024.07.15"]

1. d4 Nf6 2. Bg5 Ne4 3. Bf4 d5 4. e3 c5 5. Bd3 Nc6 6. Bxe4 dxe4 7. Ne2 g5 8.
Bxg5 Rg8 9. Bf4 cxd4 10. exd4 e5 11. Bxe5 Nxe5 12. dxe5 Qxd1+ 13. Kxd1 Rxg2 14.
Nbc3 Bg4 15. Nxe4 O-O-O+ 16. Ke1 Bf3 17. Nd2 Bc6 18. Nb3 Bg7 19. Nbd4 Be4 20. f4
Bh6 21. c3 Rdg8 22. Rd1 Rxe2+ 23. Kxe2 Bxh1 24. Rxh1 Bxf4 25. Rf1 1/2-1/2

[Event "57th Biel Master Open"]
[Site "Biel SUI"]
[Date "2024.07.17"]
[Round "3.5"]
[White "Jumabayev, Rinat"]
[Black "Gan-Erdene, Sugar"]
[Result "1-0"]
[WhiteTitle "GM"]
[BlackTitle "IM"]
[WhiteElo "2565"]
[BlackElo "2407"]
[WhiteFideId "13702661"]
[BlackFideId "4902980"]
[EventDate "2024.07.15"]

1. e4 c5 2. Nf3 e6 3. d4 cxd4 4. Nxd4 Nc6 5. Nc3 Qc7 6. Ncb5 Qb8 7. Bd3 a6 8.
Nxc6 bxc6 9. Nd4 Bd6 10. Nf3 Ne7 11. O-O Ng6 12. h4 h6 13. h5 Nf4 14. Re1 Be7
15. e5 Nxd3 16. Qxd3 d5 17. exd6 Qxd6 18. Qc4 Bf6 19. Qg4 Rb8 20. c4 O-O 21.
Bxh6 e5 22. Qg3 Rxb2 23. Bg5 Bxg5 24. Nxg5 f6 25. Ne4 Qe7 26. Rad1 Be6 27. h6 g5
28. Rd6 Kh7 29. Rxc6 Kxh6 30. Nxg5 fxg5 31. Qh3+ Kg7 32. Rxe6 1-0

[Event "57th Biel Master Open"]
[Site "Biel SUI"]
[Date "2024.07.17"]
[Round "3.6"]
[White "Kobo, Ori"]
[Black "Dotzer, Lukas"]
[Result "1-0"]
[WhiteTitle "GM"]
[BlackTitle "FM"]
[WhiteElo "2529"]
[BlackElo "2375"]
[WhiteFideId "2812320"]
[BlackFideId "1666975"]
[EventDate "2024.07.15"]

1. e4 c5 2. Nf3 d6 3. d4 cxd4 4. Nxd4 Nf6 5. Nc3 a6 6. Rg1 h5 7. h3 b5 8. g4 g6
9. a4 b4 10. Nd5 Bg7 11. Be3 Bb7 12. gxh5 Nxd5 13. exd5 Rxh5 14. Rxg6 fxg6 15.
Ne6 Rxd5 16. Qg4 Qa5 17. Nxg7+ Kd8 18. Ne6+ Kc8 19. Qxg6 Nc6 20. Qe8+ Nd8 21.
Bg2 Bc6 22. Qxe7 Nxe6 23. Qxe6+ Kc7 24. Qf7+ Kc8 25. b3 Rb8 26. Bxd5 Qxd5 27.
Qxd5 Bxd5 28. O-O-O Be4 29. Rxd6 Rb7 30. Rd4 Bf5 31. Rc4+ Kd7 32. h4 Ke6 33.
Rc6+ Kd5 34. Rxa6 Rc7 35. Ra5+ Ke6 36. Rc5 1-0

[Event "57th Biel Master Open"]
[Site "Biel SUI"]
[Date "2024.07.17"]
[Round "3.7"]
[White "Sukandar, Irine Kharisma"]
[Black "Koustav, Chatterjee"]
[Result "0-1"]
[WhiteTitle "IM"]
[BlackTitle "GM"]
[WhiteElo "2338"]
[BlackElo "2525"]
[WhiteFideId "7101937"]
[BlackFideId "25073060"]
[EventDate "2024.07.15"]

1. e4 e5 2. Nf3 Nc6 3. Bc4 Nf6 4. d3 Bc5 5. O-O d6 6. a4 a5 7. Be3 Bxe3 8. fxe3
O-O 9. Nbd2 Ne7 10. Nh4 c6 11. Qe1 d5 12. Bb3 Be6 13. Qg3 Nd7 14. Rf2 f6 15.
Raf1 Kh8 16. d4 Qb8 17. exd5 cxd5 18. Ne4 Ra6 19. Nc3 g5 20. Nf5 Bxf5 21. Rxf5
Nxf5 22. Rxf5 exd4 23. exd4 Qxg3 24. hxg3 Nb6 25. Nxd5 Nxd5 26. Bxd5 Rd6 27. c3
b6 28. Bc4 Kg7 29. Kf2 h5 30. Be2 Kh6 31. Ke3 Re8+ 32. Kd2 Re7 33. Rf1 g4 34.
Bd3 Rde6 35. Rf5 Re3 36. Rxf6+ Kg7 37. Rg6+ Kf7 38. Rxb6 Rxg3 39. Bc4+ Kg7 40.
Bd5 h4 41. Rb8 Rd7 42. Be4 Rf7 43. d5 Re7 44. d6 Rxe4 45. d7 Rxg2+ 46. Kd1 Rg1+
47. Kd2 Ree1 48. Rg8+ Kf7 49. Rf8+ Ke6 50. Re8+ Kxd7 51. Rxe1 Rg2+ 52. Ke3 h3
53. Kf4 h2 54. Rh1 g3 0-1

[Event "57th Biel Master Open"]
[Site "Biel SUI"]
[Date "2024.07.17"]
[Round "3.8"]
[White "Song, Ethan"]
[Black "Mendonca, Leon Luke"]
[Result "0-1"]
[WhiteTitle "CM"]
[BlackTitle "GM"]
[WhiteElo "2244"]
[BlackElo "2615"]
[WhiteFideId "62900412"]
[BlackFideId "35028561"]
[EventDate "2024.07.15"]

1. e4 c5 2. Nf3 d6 3. Bb5+ Bd7 4. Bxd7+ Nxd7 5. O-O Ngf6 6. Qe2 e6 7. c3 Be7 8.
d4 O-O 9. Rd1 cxd4 10. cxd4 b5 11. e5 dxe5 12. dxe5 Nd5 13. Nc3 Nxc3 14. bxc3
Qc7 15. Qxb5 Nb6 16. Be3 Nd5 17. Bd4 Rfc8 18. Rac1 a6 19. Qa4 Qc4 20. Qxc4 Rxc4
21. Nd2 Ra4 22. g3 Rxa2 23. Ne4 a5 24. c4 Nb4 25. Bc3 Re2 26. Bxb4 axb4 27. Nd6
Rxe5 28. c5 Kf8 29. Nb7 Rb8 30. Rd7 Ke8 31. Rc7 Rd5 32. c6 Ra8 33. Kg2 g5 34.
Ra1 Rb8 35. Ra7 b3 36. Na5 Bd6 37. Rcb7 Rxb7 38. Nxb7 Be5 39. Ra3 Rb5 40. f4
gxf4 41. gxf4 b2 42. fxe5 b1=Q 43. Nd6+ Kd8 44. Ra8+ Rb8 0-1

[Event "57th Biel Master Open"]
[Site "Biel SUI"]
[Date "2024.07.17"]
[Round "3.9"]
[White "Aryan, Chopra"]
[Black "Boldoo, Erdenepurev"]
[Result "1-0"]
[WhiteTitle "GM"]
[BlackTitle "FM"]
[WhiteElo "2632"]
[BlackElo "2385"]
[WhiteFideId "5084423"]
[BlackFideId "4901037"]
[EventDate "2024.07.15"]

1. e4 c5 2. Nf3 e6 3. d4 cxd4 4. Nxd4 Nc6 5. Nc3 Qc7 6. Be3 a6 7. Qf3 b5 8. Qg3
Qxg3 9. hxg3 Bb7 10. Nb3 Nf6 11. f3 d5 12. a4 bxa4 13. Rxa4 dxe4 14. Nxe4 Nxe4
15. fxe4 Bd6 16. Nc5 Bxg3+ 17. Ke2 Bc8 18. Kf3 Bd6 19. Bb5 Bd7 20. Nxd7 Kxd7 21.
Rha1 Rhb8 22. Bxc6+ Kxc6 23. Rxa6+ Rxa6 24. Rxa6+ Kc7 25. b3 h5 26. Ra5 e5 27.
Ke2 Kd7 28. Kd3 g6 29. Ra7+ Ke6 30. Ra6 Kd7 31. Bb6 Rc8 32. c4 Rc6 33. Ra7+ Ke6
34. Be3 f5 35. Kc3 f4 36. Bf2 Bc5 37. Bxc5 Rxc5 38. b4 Rc8 39. b5 g5 40. Rh7 h4
41. b6 Kd6 42. Kb4 Kc6 43. c5 g4 44. Rxh4 Rd8 45. Rh6+ Kb7 46. Kb5 Rf8 47. c6+
Kb8 48. Ka6 f3 49. c7+ Kc8 50. Rh7 1-0

[Event "57th Biel Master Open"]
[Site "Biel SUI"]
[Date "2024.07.17"]
[Round "3.10"]
[White "Nesterov, Arseniy"]
[Black "Vantika, Agrawal"]
[Result "1-0"]
[WhiteTitle "GM"]
[BlackTitle "IM"]
[WhiteElo "2602"]
[BlackElo "2390"]
[WhiteFideId "24198455"]
[BlackFideId "25050389"]
[EventDate "2024.07.15"]

1. d4 Nf6 2. c4 e6 3. Nf3 d5 4. Nc3 Bb4 5. Bg5 h6 6. Bxf6 Qxf6 7. e3 O-O 8. Rc1
Nc6 9. cxd5 exd5 10. Qb3 Rd8 11. Be2 Ba5 12. O-O Ne7 13. Qa3 Bxc3 14. Rxc3 c6
15. b4 Bg4 16. Qb2 a6 17. a4 Bxf3 18. Bxf3 Qd6 19. Ra1 g6 20. g3 h5 21. h4 Re8
22. b5 axb5 23. axb5 Rxa1+ 24. Qxa1 Qb4 25. Be2 Kg7 26. Bf1 Rc8 27. Rc2 Qb3 28.
Rc1 cxb5 29. Rb1 Qa4 30. Bxb5 Qxa1 31. Rxa1 Kf6 32. Rb1 Rc7 33. Ba4 Nc8 34. Rb5
Ne7 35. Bb3 Rd7 36. Rb6+ Nc6 37. Kf1 Ke6 38. Ke2 Kd6 39. Rb5 Ne7 40. e4 dxe4 41.
Bxf7 Kc7 42. Rc5+ Kb6 43. Rg5 Rd6 44. Ke3 Rf6 45. Bc4 Rf3+ 46. Kxe4 Rxf2 47. Re5
Nf5 48. Re6+ Kc7 49. Rxg6 Nd6+ 50. Ke3 Rg2 51. Bd5 Rg1 52. Rg7+ Kd8 53. Kf4 b5
54. Rg5 Rf1+ 55. Ke5 Nc4+ 56. Ke6 Rg1 57. Bxc4 bxc4 58. Rd5+ Kc7 59. Rxh5 Rxg3
60. Rc5+ Kd8 61. Rxc4 Rg4 62. h5 Rh4 63. Rc5 Rxd4 64. Rg5 Re4+ 65. Kf7 Re7+ 66.
Kf6 Re1 67. h6 Rf1+ 68. Kg7 Ke7 69. h7 Rf7+ 70. Kh6 Rf6+ 71. Rg6 Rf8 72. Rg8 1-0

[Event "57th Biel Master Open"]
[Site "Biel SUI"]
[Date "2024.07.17"]
[Round "3.11"]
[White "Xiao, Tong(QD)"]
[Black "Munguntuul, Batkhuyag"]
[Result "1-0"]
[BlackTitle "IM"]
[WhiteElo "2518"]
[BlackElo "2356"]
[WhiteFideId "8622388"]
[BlackFideId "4900758"]
[EventDate "2024.07.15"]

1. e4 c6 2. d4 d5 3. e5 c5 4. Nf3 cxd4 5. Nxd4 Nc6 6. Nxc6 bxc6 7. Bd3 Qc7 8.
Qe2 e6 9. O-O Bc5 10. Nd2 Ne7 11. Nf3 Bb7 12. h4 Qb6 13. c3 a5 14. b4 axb4 15.
cxb4 Bd4 16. Rb1 Bc3 17. Rd1 h6 18. a3 d4 19. Nd2 Bxd2 20. Rxd2 Nd5 21. Qg4 g6
22. Bb2 h5 23. Qg5 Rd8 24. Rc1 Rd7 25. Be4 Ne7 26. Rcd1 c5 27. bxc5 Qa5 28. Bxb7
Rxb7 29. Bxd4 O-O 30. Rd3 Rfb8 31. Be3 Nd5 32. Rxd5 exd5 33. e6 Qa6 34. exf7+
Rxf7 35. Rxd5 Qf6 36. Qg3 Re8 37. Rxh5 Rg7 38. Rh6 Kf7 39. Qg4 Rd8 40. Kh2 Qe5+
41. g3 1-0

[Event "57th Biel Master Open"]
[Site "Biel SUI"]
[Date "2024.07.17"]
[Round "3.12"]
[White "Thavandiran, Shiyam"]
[Black "Valsecchi, Alessio"]
[Result "1-0"]
[WhiteTitle "IM"]
[BlackTitle "GM"]
[WhiteElo "2387"]
[BlackElo "2488"]
[WhiteFideId "2605058"]
[BlackFideId "818860"]
[EventDate "2024.07.15"]

1. e4 c5 2. Nf3 e6 3. d4 cxd4 4. Nxd4 Nc6 5. Nb5 d6 6. c4 Nf6 7. N5c3 Be7 8. Be2
O-O 9. O-O b6 10. Bf4 Bb7 11. Re1 Ne5 12. Nd2 Rc8 13. Rc1 Nfd7 14. a3 a6 15. Be3
g5 16. Rf1 Kh8 17. h4 gxh4 18. f4 Ng6 19. Nf3 Rg8 20. Kh1 Rg7 21. Nd4 Nf6 22.
Bd3 Nf8 23. f5 Ng4 24. Bg1 e5 25. f6 Bxf6 26. Nf5 Rg6 27. Be2 Bg5 28. Bxg4 Bxc1
29. Qxc1 h3 30. Bxh3 Rxc4 31. Qe3 Ne6 32. Nh6 Qh4 33. Nxf7+ Kg8 34. Bf2 Qh5 35.
g4 Rxg4 36. Nh6+ Kh8 37. Nxg4 Nf4 38. Kh2 Bc8 39. Rg1 Qxh3+ 40. Qxh3 Nxh3 41.
Kxh3 h5 42. Bxb6 Kg7 43. Kg3 Bxg4 44. Rf1 Rc8 45. Rf2 Be6 46. Kh4 Bf7 47. Rd2
Rc6 48. Ba5 Kf8 49. Bb4 Ke7 50. Kg5 Kd7 51. Nd5 1-0

[Event "57th Biel Master Open"]
[Site "Biel SUI"]
[Date "2024.07.17"]
[Round "3.13"]
[White "Macovei, Andrei"]
[Black "Ritviz, Parab"]
[Result "1-0"]
[WhiteTitle "IM"]
[BlackTitle "IM"]
[WhiteElo "2479"]
[BlackElo "2334"]
[WhiteFideId "13904680"]
[BlackFideId "5073367"]
[EventDate "2024.07.15"]

1. e4 c5 2. Nf3 a6 3. c4 Nc6 4. d4 cxd4 5. Nxd4 Nf6 6. Nc3 e5 7. Nf5 d5 8. cxd5
Nxe4 9. Nxg7+ Bxg7 10. Nxe4 Nd4 11. Nc3 O-O 12. Bd3 f5 13. O-O f4 14. f3 Rf6 15.
Rf2 Rh6 16. g4 Rh3 17. Bf1 Rh4 18. Kh1 h5 19. g5 Bf5 20. Bd3 Qxg5 21. Rg2 Qe7
22. Bxf5 Nxf5 23. Ne4 Kh8 24. Bd2 Ng3+ 25. Nxg3 fxg3 26. Rxg3 Rd4 27. Qe2 Rf8
28. Rag1 Rf7 29. Bc3 Rxd5 30. f4 Qe6 31. Qxh5+ Kg8 32. Bxe5 Rxe5 33. Rxg7+ 1-0

[Event "57th Biel Master Open"]
[Site "Biel SUI"]
[Date "2024.07.17"]
[Round "3.14"]
[White "Smeets, Kobe"]
[Black "Assaubayeva, Bibisara"]
[Result "0-1"]
[WhiteTitle "FM"]
[BlackTitle "IM"]
[WhiteElo "2324"]
[BlackElo "2472"]
[WhiteFideId "1063910"]
[BlackFideId "13708694"]
[EventDate "2024.07.15"]

1. e4 e5 2. Nf3 Nc6 3. Bb5 a6 4. Ba4 Nf6 5. O-O b5 6. Bb3 Bb7 7. c3 Nxe4 8. Re1
d5 9. d3 Nc5 10. Nxe5 Nxe5 11. Rxe5+ Be7 12. Qe2 Ne6 13. d4 Bf6 14. Re3 O-O 15.
Bc2 g6 16. Qd1 c5 17. dxc5 Qc7 18. Qf3 Be5 19. Re1 Bxh2+ 20. Kh1 Be5 21. Bh6
Rfe8 22. Qe3 Bf6 23. Qf3 Nd4 0-1

[Event "57th Biel Master Open"]
[Site "Biel SUI"]
[Date "2024.07.17"]
[Round "3.15"]
[White "Deuer, Marius"]
[Black "Jain, Kashish Manoj"]
[Result "1-0"]
[WhiteTitle "IM"]
[BlackTitle "FM"]
[WhiteElo "2458"]
[BlackElo "2308"]
[WhiteFideId "16236432"]
[BlackFideId "35081098"]
[EventDate "2024.07.15"]

1. d4 d5 2. c4 c6 3. Nf3 Nf6 4. g3 Bf5 5. Nc3 e6 6. Nh4 Be4 7. f3 Bg6 8. Qb3 Qb6
9. c5 Qxb3 10. axb3 Be7 11. Nxg6 hxg6 12. b4 O-O 13. e3 a6 14. b5 cxb5 15. Bxb5
Nc6 16. Bxc6 bxc6 17. Kd1 g5 18. Kc2 g4 19. f4 Nd7 20. Bd2 f6 21. Na2 Kf7 22.
Nb4 Nb8 23. h3 gxh3 24. Rxh3 Ra7 25. Ra3 Bd8 26. Rh1 a5 27. Nd3 Ke7 28. Rha1 Rh8
29. Bxa5 Rb7 30. Be1 Kd7 31. Ra7 Kc8 32. Ra8 Rh2+ 33. Bf2 Bc7 34. Kc3 e5 35.
fxe5 fxe5 36. dxe5 Rxf2 37. Nxf2 Bxe5+ 38. Kd3 Rxb2 39. Ng4 Bxg3 40. R1a6 Rb3+
41. Ke2 Rb5 42. Ra5 Rb4 43. Kf3 Bc7 44. Ra1 Rc4 45. R8a7 Rxc5 46. Rh1 d4 47.
Rh8+ Bd8 48. exd4 Rd5 49. Ke4 Rd7 50. Rxd7 Nxd7 51. Ne5 Kc7 52. Nxc6 1-0

[Event "57th Biel Master Open"]
[Site "Biel SUI"]
[Date "2024.07.17"]
[Round "3.16"]
[White "Shoshin, Kirill"]
[Black "Materia, Marco"]
[Result "1/2-1/2"]
[WhiteTitle "FM"]
[BlackTitle "IM"]
[WhiteElo "2277"]
[BlackElo "2453"]
[WhiteFideId "34167061"]
[BlackFideId "45150451"]
[EventDate "2024.07.15"]

1. d4 Nf6 2. c4 e6 3. Nc3 Bb4 4. e3 O-O 5. a3 Bxc3+ 6. bxc3 d6 7. Bd3 e5 8. e4
exd4 9. cxd4 Nxe4 10. Ne2 Re8 11. O-O d5 12. cxd5 Nd7 13. Qc2 Nef6 14. Bg5 h6
15. Bh4 Nb6 16. Nc3 Nbxd5 17. Nxd5 Qxd5 18. Bxf6 gxf6 19. Qxc7 Qxd4 20. Bc4 Qd7
21. Qg3+ Qg4 22. Qb3 Re7 23. Rae1 Be6 24. Bxe6 fxe6 25. h3 Qf5 26. g4 Qg6 27.
Rxe6 Qf7 28. Re3 Qxb3 29. Rxb3 Rd8 30. Rc1 Kf7 31. Kg2 Rd5 32. Rc4 h5 33. Kg3
hxg4 34. hxg4 Red7 35. f3 Kg6 36. Kf4 b6 37. Ke3 f5 38. a4 Re7+ 39. Kf4 fxg4 40.
fxg4 Rf7+ 41. Kg3 Rf1 42. Rc7 Ra5 43. Rb4 Rg1+ 44. Kh4 Rh1+ 45. Kg3 Kg5 46. Rg7+
Kf6 47. Rc7 Kg5 48. Rb5+ Rxb5 49. axb5 Rg1+ 50. Kf3 Ra1 51. Rg7+ Kf6 52. Rc7 Ke5
53. Kg3 Kf6 1/2-1/2